| 000 | 00464cam a2200181ua 4500 | ||
|---|---|---|---|
| 020 |
_a81 7041 877 1 _c550.00 |
||
| 041 |
_aeng _h |
||
| 082 |
_a630.9 _bMAJ/AG |
||
| 100 | _aMajid, Hussain . | ||
| 245 |
_aAgricultural geography / _cMajid Hussain. _hTextual Documents |
||
| 250 |
_a1 / _b. |
||
| 260 |
_aNew Delhi : _bAnmol Publications Pvt Ltd , _c1994. |
||
| 300 | _a352 ; . | ||
| 365 | _a550.00 | ||
| 504 | _a | ||
| 942 | _cBK | ||
| 999 |
_c9642 _d9642 |
||